| 000 | 00617nam a2200205 a 4500 | ||
|---|---|---|---|
| 005 | 20240808063705.0 | ||
| 008 | 991125n 000 0 u | ||
| 035 | _aUPN01000072114 | ||
| 100 | 1 |
_aJuárez Hernández, Fernando _936749 |
|
| 222 | 0 | _aPEDAGOGIA : REVISTA DE LA UNIVERSIDAD PEDAGOGICA NACIONAL | |
| 245 | 0 | _aDesideologizar la educación, o, El sindrome del cientificismo | |
| 300 | _a23-26 | ||
| 362 | _a1987 Vol. 4, no. 12 oct.-dic. | ||
| 653 | 0 | _aCURRICULUM | |
| 653 | 0 | _aIDEOLOGIA | |
| 653 | 0 | _aMETODOS DE ENSEÑANZA | |
| 653 | 0 | _aPRACTICA DOCENTE | |
| 904 |
_aAC _b009925 |
||
| 905 | _aArticulo | ||
| 999 |
_c65818 _d65818 |
||